Catálogo
 En Linea

Introducción a las ciencias sociales : (Registro nro. 45080)

Detalles MARC
000 -CABECERA
campo de control de longitud fija 01042nam a2200289 a 4500
001 - NÚMERO DE CONTROL
campo de control 000045591
005 - FECHA Y HORA DE LA ÚLTIMA TRANSACCIÓN
campo de control 20240604194808.0
008 - DATOS DE LONGITUD FIJA--INFORMACIÓN GENERAL
campo de control de longitud fija 110331s1992 dr 000 0 spa d
040 ## - FUENTE DE LA CATALOGACIÓN
Centro catalogador/agencia de origen DO-SdBNP
Lengua de catalogación spa
Centro/agencia transcriptor BNPHU
082 ## - NÚMERO DE LA CLASIFICACIÓN DECIMAL DEWEY
Número de clasificación 301
Número de documento/Ítem I61c, 1992
245 00 - MENCIÓN DE TÍTULO
Título Introducción a las ciencias sociales :
Resto del título selección de lecturas para el texto básico de la materia /
Mención de responsabilidad, etc. presentación Rubén Silié ; textos de Maurice Duverger ... [et. al.].
250 ## - MENCIÓN DE EDICIÓN
Mención de edición 5a. ed.
260 ## - PUBLICACIÓN, DISTRIBUCIÓN, ETC.
Lugar de publicación, distribución, etc. Santo Domingo :
Nombre del editor, distribuidor, etc. Taller,
Fecha de publicación, distribución, etc. 1992.
300 ## - DESCRIPCIÓN FÍSICA
Extensión 129 p. ;
Dimensiones 23 cm.
490 1# - MENCIÓN DE SERIE
Mención de serie Textos
-- Biblioteca taller
Designación de volumen o secuencia 132
500 ## - NOTA GENERAL
Nota general A la cabeza del título ICS-011
650 #0 - PUNTO DE ACCESO ADICIONAL DE MATERIA--TÉRMINO DE MATERIA
Término de materia o nombre geográfico como elemento de entrada Ciencias sociales
9 (RLIN) 1065
650 #0 - PUNTO DE ACCESO ADICIONAL DE MATERIA--TÉRMINO DE MATERIA
Término de materia o nombre geográfico como elemento de entrada Sociología
9 (RLIN) 1061
700 12 - PUNTO DE ACCESO ADICIONAL--NOMBRE DE PERSONA
Nombre de persona Silié, Rubén,
Fechas asociadas al nombre 1946-
9 (RLIN) 1421
700 12 - PUNTO DE ACCESO ADICIONAL--NOMBRE DE PERSONA
Nombre de persona Duverger, Maurice
9 (RLIN) 50393
700 12 - PUNTO DE ACCESO ADICIONAL--NOMBRE DE PERSONA
Nombre de persona Castillo Morales, Luis R. del
9 (RLIN) 17683
700 12 - PUNTO DE ACCESO ADICIONAL--NOMBRE DE PERSONA
Nombre de persona Vallois, H.
9 (RLIN) 54525
700 12 - PUNTO DE ACCESO ADICIONAL--NOMBRE DE PERSONA
Nombre de persona Hiernaux, Jean
9 (RLIN) 54526
700 12 - PUNTO DE ACCESO ADICIONAL--NOMBRE DE PERSONA
Nombre de persona Cueva, Agustín
9 (RLIN) 44391
700 12 - PUNTO DE ACCESO ADICIONAL--NOMBRE DE PERSONA
Nombre de persona Stavenhagen, Rodolfo
9 (RLIN) 54527
830 #0 - PUNTO DE ACCESO ADICIONAL DE SERIE-TÍTULO UNIFORME
Título uniforme Textos
Nombre de parte o sección de la obra Biblioteca taller
Designación de volumen o secuencia 132
9 (RLIN) 54528
Existencias
Estado de retiro Estado de pérdida No para préstamo Código de colección Localización permanente Ubicación/localización actual Ubicación en estantería Fecha de adquisición Número de inventario Total de préstamos Signatura topográfica completa Código de barras Fecha visto por última vez Precio válido a partir de Tipo de ítem Koha
    Excluido de préstamo Patrimonio Dominicano Patrimonio Dominicano Patrimonio Dominicano Depósito 16.04.2015 LF1   301 I61c, 1992 45591-10 25.06.2020 25.06.2020 Libro y Folleto Colección Patrimonio Dominicano

Con tecnología Koha